[Event "FRA-chT Top 16 Haute"]
[Site "Belfort"]
[Date "2025.06.01"]
[Round "4.5"]
[White "Di Nicolantonio, Lucas"]
[Black "Demuth, Adrien"]
[Result "0-1"]
[WhiteElo "2413"]
[BlackElo "2524"]
[PlyCount "82"]
[EventDate "2025.05.29"]
[EventType "team-tourn"]
[EventRounds "4"]
[EventCountry "FRA"]
[SourceTitle "CB23_2025"]
[SourceDate "2025.06.04"]
[SourceVersion "1"]
[SourceVersionDate "2025.06.04"]
[SourceQuality "1"]
[WhiteTeam "Cannes"]
[BlackTeam "Grasse Echecs"]
[WhiteTeamCountry "FRA"]
[BlackTeamCountry "FRA"]

1. e4 d6 2. d4 Nf6 3. Nc3 Nc6 4. Nf3 g6 5. Be3 Bg7 6. Qd2 0-0 7. d5 Nb8 8. 0-0-0 c6 9. Kb1 cxd5 10. exd5 Bg4 11. h4 Nbd7 12. h5 Bxh5 13. Bh6 Rc8 14. Bxg7 Kxg7 15. Bb5 a6 16. g4 Rxc3 17. Qxc3 Bxg4 18. Be2 h5 19. Nd4 Bxe2 20. Nxe2 Qb6 21. f4 Qc5 22. Qxc5 Nxc5 23. c4 Rc8 24. Rc1 Nd3 25. Rc2 Nf2 26. Rf1 N2e4 27. b3 h4 28. Ng1 Rb8 29. Nf3 b5 30. cxb5 axb5 31. Nxh4 Nxd5 32. Re1 Nec3+ 33. Kb2 b4 34. a3 bxa3+ 35. Kxa3 Nb5+ 36. Kb2 Nd4 37. Rc4 Rxb3+ 38. Kc1 Rd3 39. Ng2 e6 40. Rd1 Ne2+ 41. Kc2 Rg3 0-1

[Event "FRA-chT Top 16 Haute"]
[Site "Belfort"]
[Date "2025.05.31"]
[Round "3.4"]
[White "Abergel, Thal"]
[Black "Demuth, Adrien"]
[Result "0-1"]
[WhiteElo "2415"]
[BlackElo "2524"]
[PlyCount "76"]
[EventDate "2025.05.29"]
[EventType "team-tourn"]
[EventRounds "4"]
[EventCountry "FRA"]
[SourceTitle "CB23_2025"]
[SourceDate "2025.06.04"]
[SourceVersion "1"]
[SourceVersionDate "2025.06.04"]
[SourceQuality "1"]
[WhiteTeam "Tremblay en France"]
[BlackTeam "Grasse Echecs"]
[WhiteTeamCountry "FRA"]
[BlackTeamCountry "FRA"]

1. d4 Nf6 2. Nc3 d5 3. Bf4 e6 4. e3 Bb4 5. Nge2 0-0 6. a3 Bd6 7. Ng3 Bxf4 8. exf4 b6 9. Be2 c5 10. 0-0 Nc6 11. dxc5 bxc5 12. Bb5 Ne7 13. Bd3 Qc7 14. Qd2 c4 15. Be2 Rb8 16. Rab1 Rd8 17. Rfd1 Ng6 18. f5 exf5 19. Nh5 Nxh5 20. Bxh5 d4 21. Bxg6 hxg6 22. Ne2 d3 23. c3 Bd7 24. Nd4 Ba4 25. Re1 Qb6 26. h3 Rxd4 27. cxd4 Bc2 28. Ra1 Qxb2 29. Qf4 c3 30. Ra2 d2 31. Rf1 Qxa2 32. Qxb8+ Kh7 33. Qg3 d1Q 34. Rxd1 Bxd1 35. Qxc3 Qd5 36. f3 Ba4 37. Qe3 Bc6 38. Qf4 f6 0-1

[Event "FRA-chT Top 16 Haute"]
[Site "Belfort"]
[Date "2025.05.30"]
[Round "2.4"]
[White "Demuth, Adrien"]
[Black "Lagarde, Maxime"]
[Result "1/2-1/2"]
[WhiteElo "2524"]
[BlackElo "2622"]
[PlyCount "41"]
[EventDate "2025.05.29"]
[EventType "team-tourn"]
[EventRounds "4"]
[EventCountry "FRA"]
[SourceTitle "CB23_2025"]
[SourceDate "2025.06.04"]
[SourceVersion "1"]
[SourceVersionDate "2025.06.04"]
[SourceQuality "1"]
[WhiteTeam "Grasse Echecs"]
[BlackTeam "Chartres"]
[WhiteTeamCountry "FRA"]
[BlackTeamCountry "FRA"]

1. d4 Nf6 2. c4 c5 3. d5 e6 4. Nc3 exd5 5. cxd5 d6 6. e4 g6 7. h3 Bg7 8. Nf3 0-0 9. Bd3 b5 10. Bxb5 Nxe4 11. Nxe4 Qa5+ 12. Nfd2 Qxb5 13. Nxd6 Qa6 14. N2c4 Nd7 15. 0-0 Ne5 16. Nxc8 Raxc8 17. Nxe5 Bxe5 18. Bg5 Bxb2 19. Rb1 Bf6 20. Bxf6 Qxf6 21. Qa4 1/2-1/2

[Event "SUI-chT"]
[Site "Switzerland"]
[Date "2025.03.16"]
[Round "1.3"]
[White "Sedina, Elena"]
[Black "Demuth, Adrien"]
[Result "1/2-1/2"]
[WhiteElo "2203"]
[BlackElo "2521"]
[PlyCount "84"]
[EventDate "2025.03.16"]
[EventType "team-tourn"]
[EventRounds "9"]
[EventCountry "SUI"]
[SourceTitle "CB14_2025"]
[SourceDate "2024.11.01"]
[SourceVersion "1"]
[SourceVersionDate "2024.11.01"]
[SourceQuality "1"]
[WhiteTeam "Mendrisio"]
[BlackTeam "Riehen"]
[WhiteTeamCountry "SUI"]
[BlackTeamCountry "SUI"]

1. e4 c5 2. Nf3 d6 3. Bb5+ Nd7 4. d4 cxd4 5. Qxd4 a6 6. Bxd7+ Bxd7 7. Nc3 Rc8 8. Be3 Nf6 9. 0-0 e5 10. Qd3 h6 11. h3 Be7 12. Rfd1 0-0 13. a4 Qc7 14. Nd2 Be6 15. a5 Qc6 16. f3 Rfd8 17. Bb6 Rd7 18. Qe2 d5 19. exd5 Nxd5 20. Nxd5 Rxd5 21. c4 Rd7 22. b3 Bc5+ 23. Bxc5 Qxc5+ 24. Kh2 Qb4 25. Ne4 Rcd8 26. Rxd7 Rxd7 27. Qe3 Bf5 28. Nc5 Rc7 29. Nd3 Bxd3 30. Qxd3 Rc6 31. Qd8+ Kh7 32. Qd3+ g6 33. Qd5 Re6 34. c5 Kg7 35. Ra4 Qb5 36. Re4 Qxa5 37. Rxe5 Qc7 38. f4 Rf6 39. Qd4 a5 40. Kg1 b6 41. cxb6 Qxb6 42. Qxb6 Rxb6 1/2-1/2

[Event "FRA-chT Top 16 Haute"]
[Site "Chartres"]
[Date "2024.06.08"]
[Round "3.26"]
[White "Shevchenko, Kirill"]
[Black "Demuth, Adrien"]
[Result "1-0"]
[WhiteElo "2680"]
[BlackElo "2505"]
[PlyCount "103"]
[EventDate "2024.06.06"]
[EventType "team-tourn"]
[EventRounds "4"]
[EventCountry "FRA"]
[SourceTitle "CBM 220 Extra"]
[Source "ChessBase"]
[SourceDate "2024.07.31"]
[SourceVersion "1"]
[SourceVersionDate "2024.07.31"]
[SourceQuality "1"]
[WhiteTeam "Chartres"]
[BlackTeam "Grasse Echecs"]
[WhiteTeamCountry "FRA"]
[BlackTeamCountry "FRA"]

1. e4 c5 2. Nf3 d6 3. d4 cxd4 4. Nxd4 Nf6 5. Nc3 Nc6 6. Bg5 e6 7. Qd2 a6 8. Nxc6 bxc6 9. 0-0-0 Be7 10. Bxf6 gxf6 11. Bc4 Bb7 12. Rhe1 Qa5 13. Kb1 d5 14. Nxd5 Qxd2 15. Nc7+ Kd7 16. Nxa8 Qxd1+ 17. Rxd1+ Bd6 18. Nb6+ Kc7 19. Be2 Bxh2 20. Nd7 Be5 21. Nc5 Bc8 22. Nxa6+ Bxa6 23. Bxa6 Rb8 24. b3 Rg8 25. g3 h5 26. Be2 h4 27. gxh4 Rg2 28. Bh5 Rh2 29. Bxf7 Rxh4 30. f3 f5 31. exf5 exf5 32. Bg6 Rh3 33. Rf1 f4 34. a3 Rg3 35. Be4 Bd4 36. Ka2 Rg1 37. Rxg1 Bxg1 38. b4 Kb6 39. Kb3 c5 40. Kc4 Be3 41. Bd3 Kc6 42. Be4+ Kb6 43. Kd5 Bf2 44. Bd3 Be3 45. c4 Bf2 46. bxc5+ Bxc5 47. a4 Bb4 48. c5+ Ka5 49. c6 Kb6 50. a5+ Ka7 51. a6 Kb8 52. Ke6 1-0

[Event "SUI-chT"]
[Site "Switzerland"]
[Date "2024.04.28"]
[Round "3.1"]
[White "Hommeles, Theo"]
[Black "Demuth, Adrien"]
[Result "1-0"]
[WhiteElo "2379"]
[BlackElo "2515"]
[PlyCount "141"]
[EventDate "2024.03.10"]
[EventType "team-tourn"]
[EventRounds "9"]
[EventCountry "SUI"]
[SourceTitle "CBM 220 Extra"]
[Source "ChessBase"]
[SourceDate "2024.07.31"]
[SourceVersion "1"]
[SourceVersionDate "2024.07.31"]
[SourceQuality "1"]
[WhiteTeam "Bodan"]
[BlackTeam "Riehen"]
[WhiteTeamCountry "SUI"]
[BlackTeamCountry "SUI"]

1. e4 g6 2. d4 Bg7 3. c3 d6 4. Nf3 Nc6 5. Bd3 e5 6. Bg5 Nf6 7. h3 h6 8. Be3 0-0 9. 0-0 d5 10. Nxe5 dxe4 11. Nxc6 bxc6 12. Bc2 Rb8 13. Qc1 Kh7 14. Nd2 Re8 15. Re1 Nd5 16. Bxe4 Nxe3 17. Rxe3 c5 18. dxc5 h5 19. Rd3 Qg5 20. b4 Bh6 21. Qc2 Bxh3 22. Rxh3 Qxd2 23. Qxd2 Bxd2 24. Bc6 Re6 25. Bd5 Re7 26. Rd1 Bg5 27. Bc6 Kg7 28. Rhd3 Bf6 29. Kf1 Re6 30. Bd5 Re7 31. Bc4 Rbe8 32. Bb5 Rb8 33. a4 h4 34. Re1 Rd8 35. Rxe7 Bxe7 36. Ke2 Kf8 37. Bd7 f5 38. a5 Bf6 39. Kd2 Ke7 40. c6 Be5 41. Kc2 Rb8 42. Kb3 Bh2 43. Kc4 Bg1 44. Rf3 Kf6 45. b5 Ke5 46. Kb4 Ke4 47. Be8 h3 48. Rxh3 Bxf2 49. Bxg6 a6 50. c4 Be1+ 51. Ka4 Kd4 52. Bxf5 axb5+ 53. cxb5 Ra8 54. a6 Bf2 55. Rf3 Bg1 56. Kb4 Kd5 57. Rd3+ Ke5 58. g4 Rh8 59. Kc4 Bb6 60. Rd5+ Kf4 61. Bd7 Rh1 62. Rf5+ Ke4 63. Rf8 Rc1+ 64. Kb3 Rb1+ 65. Kc2 Rxb5 66. Rb8 Kf4 67. Rb7 Rc5+ 68. Kb3 Rb5+ 69. Kc4 Ra5 70. Rxb6 cxb6 71. Kb4 1-0

[Event "SUI-chT"]
[Site "Switzerland"]
[Date "2023.10.15"]
[Round "9.5"]
[White "Hasenohr, Benedict"]
[Black "Demuth, Adrien"]
[Result "0-1"]
[WhiteElo "2309"]
[BlackElo "2475"]
[PlyCount "46"]
[EventDate "2023.04.16"]
[EventType "team-tourn"]
[EventRounds "9"]
[EventCountry "SUI"]
[SourceTitle "EXT 2025"]
[Source "ChessBase"]
[SourceDate "2024.10.14"]
[SourceVersion "1"]
[SourceVersionDate "2024.10.14"]
[SourceQuality "1"]
[WhiteTeam "Winterthur"]
[BlackTeam "Riehen"]
[WhiteTeamCountry "SUI"]
[BlackTeamCountry "SUI"]

1. d4 g6 2. c4 Bg7 3. Nc3 d6 4. e4 c5 5. d5 Bxc3+ 6. bxc3 e5 7. h4 Nd7 8. h5 h6 9. Qa4 g5 10. Ne2 f5 11. exf5 Ngf6 12. f4 exf4 13. Bxf4 0-0 14. Bh2 Ng4 15. 0-0-0 Nb6 16. Qb3 Qe7 17. Bg1 Bd7 18. Ng3 Ba4 19. Qb1 Bxd1 20. Kxd1 Rae8 21. Be2 Ne3+ 22. Bxe3 Qxe3 23. Rf1 Na4 0-1

[Event "SUI-chT"]
[Site "Switzerland"]
[Date "2023.10.14"]
[Round "8.1"]
[White "Demuth, Adrien"]
[Black "Atlas, Valeri"]
[Result "1/2-1/2"]
[WhiteElo "2475"]
[BlackElo "2406"]
[PlyCount "60"]
[EventDate "2023.04.16"]
[EventType "team-tourn"]
[EventRounds "9"]
[EventCountry "SUI"]
[SourceTitle "EXT 2025"]
[Source "ChessBase"]
[SourceDate "2024.10.14"]
[SourceVersion "1"]
[SourceVersionDate "2024.10.14"]
[SourceQuality "1"]
[WhiteTeam "Riehen"]
[BlackTeam "Luzern"]
[WhiteTeamCountry "SUI"]
[BlackTeamCountry "SUI"]

1. c4 c5 2. g3 Nc6 3. Bg2 g6 4. Nf3 Bg7 5. 0-0 e5 6. Nc3 Nge7 7. a3 0-0 8. Rb1 a5 9. Ne1 d6 10. d3 Be6 11. Bg5 f6 12. Bd2 d5 13. Na4 b6 14. b4 axb4 15. axb4 cxb4 16. Bxb4 Nxb4 17. Rxb4 Rb8 18. cxd5 Nxd5 19. Rb5 Rf7 20. Nc2 Bf8 21. d4 Nc7 22. Rxb6 Rxb6 23. Nxb6 Bb3 24. Qb1 Bxc2 25. Qxc2 Qxd4 26. Rb1 Kg7 27. e3 Qc5 28. Qxc5 Bxc5 29. Nd5 Nxd5 30. Bxd5 Rd7 1/2-1/2

[Event "SUI-chT"]
[Site "Switzerland"]
[Date "2023.08.27"]
[Round "7.3"]
[White "Demuth, Adrien"]
[Black "Brunner, Lucas"]
[Result "1-0"]
[WhiteElo "2475"]
[BlackElo "2430"]
[PlyCount "77"]
[EventDate "2023.04.16"]
[EventType "team-tourn"]
[EventRounds "9"]
[EventCountry "SUI"]
[SourceTitle "EXT 2024"]
[Source "ChessBase"]
[SourceDate "2023.10.10"]
[SourceVersion "1"]
[SourceVersionDate "2023.10.10"]
[SourceQuality "1"]
[WhiteTeam "Riehen"]
[BlackTeam "Zuerich"]
[WhiteTeamCountry "SUI"]
[BlackTeamCountry "SUI"]

1. Nf3 Nf6 2. c4 e6 3. g3 b6 4. Bg2 Bb7 5. 0-0 Be7 6. b3 0-0 7. Nc3 d5 8. e3 Nbd7 9. Bb2 Ne4 10. cxd5 exd5 11. Ne2 a5 12. d3 Nd6 13. Rc1 Bf6 14. Qc2 Bxb2 15. Qxb2 Nf6 16. Nf4 Qe7 17. Ne5 c5 18. d4 Rfc8 19. dxc5 bxc5 20. Rfd1 Nde4 21. Bxe4 dxe4 22. Nc4 Ra6 23. Qe5 Kf8 24. Rd2 Qxe5 25. Nxe5 g5 26. Ne2 Ke7 27. Nc3 Ke6 28. Nc4 Bd5 29. Nxd5 Nxd5 30. Rcd1 Rd8 31. f4 gxf4 32. exf4 f5 33. g4 Rg8 34. Rxd5 Rxg4+ 35. Kh1 Rxf4 36. Rxc5 Rf2 37. a4 Kf6 38. Kg1 Rf3 39. Rf1 1-0

[Event "SUI-chT"]
[Site "Switzerland"]
[Date "2023.06.25"]
[Round "5.2"]
[White "Rohrer, Christophe"]
[Black "Demuth, Adrien"]
[Result "1-0"]
[WhiteElo "2283"]
[BlackElo "2475"]
[PlyCount "120"]
[EventDate "2023.04.16"]
[EventType "team-tourn"]
[EventRounds "9"]
[EventCountry "SUI"]
[SourceTitle "EXT 2024"]
[Source "ChessBase"]
[SourceDate "2023.10.10"]
[SourceVersion "1"]
[SourceVersionDate "2023.10.10"]
[SourceQuality "1"]
[WhiteTeam "Trubschachen"]
[BlackTeam "Riehen"]
[WhiteTeamCountry "SUI"]
[BlackTeamCountry "SUI"]

1. e4 g6 2. d4 Bg7 3. Nc3 a6 4. f4 d5 5. e5 Nh6 6. Nf3 Bg4 7. h3 Bxf3 8. Qxf3 Nf5 9. Qxd5 Nc6 10. Qxd8+ Rxd8 11. d5 Nb4 12. Kf2 f6 13. e6 Nxc2 14. Rb1 Nd6 15. Bd3 Nb4 16. Be2 f5 17. Bf3 Bxc3 18. bxc3 Nd3+ 19. Ke3 Nxc1 20. Rhxc1 b5 21. Be2 0-0 22. a4 c6 23. dxc6 Rf6 24. axb5 Rxe6+ 25. Kf3 axb5 26. c4 b4 27. Rd1 Rc8 28. c5 Nf7 29. Bb5 Kg7 30. Rxb4 Nd8 31. Rxd8 Rxd8 32. c7 Ra8 33. Ra4 Rc8 34. Bd7 Rxc7 35. Bxe6 Rxc5 36. Ra3 Kf6 37. Re3 g5 38. Ba2 e5 39. fxe5+ Rxe5 40. Rxe5 Kxe5 41. Bf7 Kd4 42. Be8 Ke5 43. Ke3 Kd5 44. Bh5 Ke5 45. Bf3 h6 46. Bh5 Kd5 47. Bf7+ Ke5 48. Bg6 Kf6 49. Bh5 Ke5 50. Bf3 Ke6 51. Kd4 Kd6 52. Be2 Ke6 53. Bh5 Kd6 54. Bg6 Ke6 55. g4 f4 56. Be4 Kd6 57. Bd5 h5 58. Be4 Ke6 59. Bg6 hxg4 60. hxg4 Kd6 1-0

[Event "FRA-chT Top 16 GpB"]
[Site "Chartres"]
[Date "2023.06.06"]
[Round "6.26"]
[White "Demuth, Adrien"]
[Black "Narayanan, Sunilduth Lyna"]
[Result "1/2-1/2"]
[WhiteElo "2484"]
[BlackElo "2660"]
[PlyCount "72"]
[EventDate "2023.06.01"]
[EventType "team-tourn"]
[EventRounds "7"]
[EventCountry "FRA"]
[SourceTitle "CBM 214 Extra"]
[Source "ChessBase"]
[SourceDate "2023.07.31"]
[SourceVersion "1"]
[SourceVersionDate "2023.07.31"]
[SourceQuality "1"]
[WhiteTeam "Grasse Echecs"]
[BlackTeam "Mulhouse Philidor"]
[WhiteTeamCountry "FRA"]
[BlackTeamCountry "FRA"]

1. e4 c5 2. g3 d5 3. exd5 Qxd5 4. Nf3 Bg4 5. Bg2 Qe6+ 6. Kf1 Nc6 7. h3 Bh5 8. d3 Qd7 9. Nc3 e6 10. Be3 Nf6 11. g4 Bg6 12. g5 Nh5 13. d4 0-0-0 14. dxc5 Qxd1+ 15. Rxd1 Rxd1+ 16. Nxd1 Bxc2 17. Nc3 Be7 18. Kg1 Rd8 19. Kh2 f6 20. Rc1 Bg6 21. a3 f5 22. b4 f4 23. Bd2 Nd4 24. Be1 e5 25. Nxe5 Bxg5 26. Nf3 Nb3 27. Rd1 Rxd1 28. Nxd1 Bf6 29. Bc3 Bc2 30. Bxf6 Nxf6 31. Nc3 h6 32. Nb5 Kb8 33. Nfd4 Nxd4 34. Nxd4 Bd3 35. h4 Ng4+ 36. Kg1 Ne5 1/2-1/2

[Event "SUI-chT"]
[Site "Switzerland"]
[Date "2023.05.13"]
[Round "3.2"]
[White "Demuth, Adrien"]
[Black "Godena, Michele"]
[Result "1/2-1/2"]
[WhiteElo "2475"]
[BlackElo "2437"]
[PlyCount "61"]
[EventDate "2023.04.16"]
[EventType "team-tourn"]
[EventRounds "9"]
[EventCountry "SUI"]
[SourceTitle "EXT 2024"]
[Source "ChessBase"]
[SourceDate "2023.10.10"]
[SourceVersion "1"]
[SourceVersionDate "2023.10.10"]
[SourceQuality "1"]
[WhiteTeam "Riehen"]
[BlackTeam "Mendrisio"]
[WhiteTeamCountry "SUI"]
[BlackTeamCountry "SUI"]

1. c4 e5 2. g3 Nf6 3. Bg2 Bc5 4. d3 0-0 5. Nc3 d6 6. Nf3 h6 7. 0-0 Bb6 8. e3 c6 9. b3 Re8 10. Bb2 d5 11. Rc1 Bf5 12. cxd5 cxd5 13. e4 dxe4 14. dxe4 Qxd1 15. Nxd1 Bxe4 16. Nxe5 Na6 17. Nc4 Bxg2 18. Kxg2 Nd5 19. Nc3 Nxc3 20. Bxc3 Re2 21. Nxb6 axb6 22. Bd4 Rxa2 23. Bxb6 Rb2 24. Rb1 Rxb1 25. Rxb1 Nb4 26. Rd1 Nc6 27. Rd7 Ra3 28. b4 Rb3 29. Bc5 b6 30. Bxb6 Rxb4 31. Be3 1/2-1/2

[Event "SUI-chT"]
[Site "Switzerland"]
[Date "2023.04.16"]
[Round "1.3"]
[White "Demuth, Adrien"]
[Black "Martins, David Pires Tavares"]
[Result "1-0"]
[WhiteElo "2547"]
[BlackElo "2436"]
[PlyCount "107"]
[EventDate "2023.04.16"]
[EventType "team-tourn"]
[EventRounds "9"]
[EventCountry "SUI"]
[SourceTitle "CBM 213 Extra"]
[Source "ChessBase"]
[SourceDate "2023.05.31"]
[SourceVersion "1"]
[SourceVersionDate "2023.05.31"]
[SourceQuality "1"]
[WhiteTeam "Riehen"]
[BlackTeam "Reti"]
[WhiteTeamCountry "SUI"]
[BlackTeamCountry "SUI"]

1. Nf3 e6 2. c4 f5 3. g3 Nf6 4. Bg2 Be7 5. 0-0 0-0 6. Nc3 d5 7. d3 d4 8. Nb5 c5 9. Bf4 Nc6 10. e3 a6 11. Nc7 Ra7 12. exd4 Nh5 13. Nxe6 Bxe6 14. d5 Nxf4 15. gxf4 Bd7 16. dxc6 Bxc6 17. Re1 Rf6 18. Ne5 Bxg2 19. Kxg2 Rd6 20. Re3 b6 21. Qf3 Qe8 22. Rae1 Qa8 23. Qxa8+ Rxa8 24. Nf7 Rg6+ 25. Kf3 Bh4 26. Ng5 Bxg5 27. fxg5 Rxg5 28. Re6 Rb8 29. Re8+ Rxe8 30. Rxe8+ Kf7 31. Rb8 Rg6 32. Rb7+ Kg8 33. Rb8+ Kf7 34. Rb7+ Kg8 35. Kf4 Rg2 36. Rxb6 Rxf2+ 37. Ke5 Rxh2 38. b4 cxb4 39. c5 Rxa2 40. Rxb4 Rc2 41. Kd6 Rc3 42. c6 Rxd3+ 43. Kc5 Rc3+ 44. Rc4 Re3 45. c7 Re8 46. Rd4 Kf7 47. Rd8 Re1 48. c8Q Rc1+ 49. Kd4 Rxc8 50. Rxc8 Kf6 51. Rc6+ Kg5 52. Rc7 g6 53. Rxh7 Kf4 54. Rh1 1-0

[Event "Montendre Rapid op"]
[Site "Montendre"]
[Date "2023.02.19"]
[Round "6"]
[White "Demuth, Adrien"]
[Black "Bacrot, Etienne"]
[Result "1/2-1/2"]
[WhiteElo "2473"]
[BlackElo "2653"]
[PlyCount "47"]
[EventDate "2023.02.19"]
[EventType "swiss (rapid)"]
[EventRounds "9"]
[EventCountry "FRA"]
[SourceTitle "CBM 212 Extra"]
[Source "ChessBase"]
[SourceDate "2023.03.31"]
[SourceVersion "1"]
[SourceVersionDate "2023.03.31"]
[SourceQuality "1"]

1. Nf3 d5 2. g3 Nf6 3. Bg2 e6 4. 0-0 Be7 5. c4 0-0 6. b3 d4 7. e3 c5 8. exd4 cxd4 9. Bb2 Nc6 10. Re1 Re8 11. d3 Bb4 12. Nbd2 e5 13. a3 Bc3 14. Qc2 Bxb2 15. Qxb2 Bf5 16. b4 Qc7 17. Qc2 Rad8 18. Nh4 Bg4 19. Ne4 Nxe4 20. Bxe4 Nb8 21. Bg2 Nd7 22. Nf3 Nf6 23. Nd2 h6 24. Rac1 1/2-1/2

[Event "Montendre Blitz op"]
[Site "Montendre"]
[Date "2023.02.18"]
[Round "1"]
[White "Demuth, Adrien"]
[Black "Gautier, Julien"]
[Result "1-0"]
[WhiteElo "2473"]
[BlackElo "1506"]
[PlyCount "41"]
[EventDate "2023.02.18"]
[EventType "swiss (blitz)"]
[EventRounds "11"]
[EventCountry "FRA"]
[SourceTitle "CBM 212 Extra"]
[Source "ChessBase"]
[SourceDate "2023.03.31"]
[SourceVersion "1"]
[SourceVersionDate "2023.03.31"]
[SourceQuality "1"]

1. b3 d5 2. Bb2 Nc6 3. Nf3 Bf5 4. e3 Nf6 5. Bb5 Qd6 6. 0-0 0-0-0 7. d4 g5 8. Ne5 Nxe5 9. dxe5 Qb6 10. exf6 Qxb5 11. fxe7 Bxe7 12. Bxh8 Rxh8 13. Nc3 Qe8 14. Qxd5 Be6 15. Qd4 Kb8 16. Rad1 h5 17. Nd5 Rg8 18. Nf6 Bxf6 19. Qxf6 g4 20. Rd4 h4 21. Rfd1 1-0

[Event "Basel Christmas op"]
[Site "Basel"]
[Date "2022.12.29"]
[Round "7"]
[White "Demuth, Adrien"]
[Black "O'Donnell, Conor"]
[Result "1/2-1/2"]
[WhiteElo "2482"]
[BlackElo "2318"]
[PlyCount "40"]
[EventDate "2022.12.26"]
[EventType "swiss"]
[EventRounds "9"]
[EventCountry "SUI"]
[SourceTitle "EXT 2024"]
[Source "ChessBase"]
[SourceDate "2023.10.10"]
[SourceVersion "1"]
[SourceVersionDate "2023.10.10"]
[SourceQuality "1"]

1. c4 c6 2. d4 d5 3. cxd5 cxd5 4. Bf4 Nc6 5. e3 Nf6 6. Nc3 Bf5 7. Nf3 e6 8. Qb3 Bb4 9. Ne5 Qa5 10. Nxc6 bxc6 11. a3 Bxc3+ 12. bxc3 c5 13. Bb5+ Ke7 14. Bc6 Rab8 15. Bxb8 Rxb8 16. Qxb8 Qxc3+ 17. Ke2 Qd3+ 18. Ke1 Qc3+ 19. Ke2 Qd3+ 20. Ke1 Qc3+ 1/2-1/2

[Event "FRA-chT Top 16 Gp Haute"]
[Site "Chartres"]
[Date "2022.06.19"]
[Round "4.1"]
[White "Demuth, Adrien"]
[Black "Thomas, Anysia"]
[Result "1-0"]
[WhiteElo "2492"]
[BlackElo "2137"]
[PlyCount "84"]
[EventDate "2022.06.16"]
[EventType "team-tourn"]
[EventRounds "4"]
[EventCountry "FRA"]
[SourceTitle "CBM 208 Extra"]
[Source "ChessBase"]
[SourceDate "2022.07.31"]
[SourceVersion "1"]
[SourceVersionDate "2022.07.31"]
[SourceQuality "1"]
[WhiteTeam "Grasse Echecs"]
[BlackTeam "Vandoeuvre"]
[WhiteTeamCountry "FRA"]
[BlackTeamCountry "FRA"]

1. Nf3 g6 2. e4 c5 3. c3 d5 4. e5 Bg7 5. d4 a6 6. dxc5 Nc6 7. Bf4 Bg4 8. Be2 Bxf3 9. Bxf3 e6 10. 0-0 Nxe5 11. Bxd5 Qxd5 12. Qxd5 exd5 13. Bxe5 Bxe5 14. Re1 f6 15. f4 Kf7 16. fxe5 Re8 17. c4 dxc4 18. Nd2 c3 19. Nc4 cxb2 20. Rab1 Re7 21. Rxb2 fxe5 22. Nd6+ Kg7 23. Rxb7 Rxb7 24. Nxb7 Ne7 25. Rxe5 Kf6 26. Re3 Rb8 27. Rb3 Ke5 28. Re3+ Kf6 29. Rb3 Ke5 30. Kf2 Kd4 31. Kg3 Kd5 32. Kh3 Nc6 33. Rd3+ Kc4 34. Rd7 h5 35. Rd6 Rxb7 36. Rxc6 Rg7 37. Rxa6 Kxc5 38. Kh4 Kb5 39. Rf6 Kc5 40. Kg5 Ra7 41. Rxg6 Rxa2 42. Kxh5 Kd5 1-0

[Event "FRA-chT Top 16 Gp Haute"]
[Site "Chartres"]
[Date "2022.06.17"]
[Round "2.1"]
[White "Moussard, Jules"]
[Black "Demuth, Adrien"]
[Result "1-0"]
[WhiteElo "2668"]
[BlackElo "2492"]
[PlyCount "121"]
[EventDate "2022.06.16"]
[EventType "team-tourn"]
[EventRounds "4"]
[EventCountry "FRA"]
[SourceTitle "CBM 208 Extra"]
[Source "ChessBase"]
[SourceDate "2022.07.31"]
[SourceVersion "1"]
[SourceVersionDate "2022.07.31"]
[SourceQuality "1"]
[WhiteTeam "Asnieres"]
[BlackTeam "Grasse Echecs"]
[WhiteTeamCountry "FRA"]
[BlackTeamCountry "FRA"]

1. e4 c5 2. Nf3 e6 3. b3 Nc6 4. Bb2 a6 5. c4 Qc7 6. g3 Nf6 7. e5 Ng4 8. Bg2 Ngxe5 9. Nxe5 Nxe5 10. 0-0 Nc6 11. Re1 Nd4 12. Nc3 Be7 13. Qg4 0-0 14. Nd5 Qd8 15. Nxe7+ Qxe7 16. Bxd4 cxd4 17. Qxd4 d6 18. Re3 Qf6 19. Rd3 Rd8 20. Qxf6 gxf6 21. c5 d5 22. b4 Bd7 23. Ra3 Bb5 24. Rc1 e5 25. f4 Rac8 26. Bf1 Bxf1 27. Kxf1 d4 28. Re1 Re8 29. Re4 Kg7 30. Ke2 Kg6 31. g4 f5 32. gxf5+ Kxf5 33. Rxe5+ Kxf4 34. Rxe8 Rxe8+ 35. Kd3 f5 36. c6 bxc6 37. Rxa6 Rc8 38. Kxd4 Kf3 39. Ke5 f4 40. Ra3+ Ke2 41. Kxf4 Kxd2 42. Ra5 Kc3 43. a3 Kb3 44. h4 Rd8 45. h5 Rd6 46. Ke5 Rh6 47. Kd4 Rd6+ 48. Ke5 Rh6 49. Kf4 Re6 50. Kg5 Rd6 51. Ra7 Kb2 52. h6 Rg6+ 53. Kh5 Rg1 54. Rxh7 Rh1+ 55. Kg6 Rg1+ 56. Kf6 Rf1+ 57. Ke6 Rg1 58. a4 Kb3 59. a5 Kxb4 60. a6 Re1+ 61. Kd6 1-0